Guía de los derechos humanos /
Guardado en:
| Autor Principal: | |
|---|---|
| Otros Autores: | |
| Formato: | Libro |
| Publicado: |
México :
Longman,
1996
|
| Series: | Nueva Breda
|
| Materias: | |
| Etiquetas: |
Agregar Etiqueta
Sin Etiquetas, Sea el primero en etiquetar este registro!
|
| LEADER | 00812nam a22002295a 4500 | ||
|---|---|---|---|
| 001 | CEM.cems010181 | ||
| 005 | 20080604111255.0 | ||
| 008 | 130507s1996##################000#0#####d | ||
| 003 | CEMS | ||
| 020 | |a 9684442327 | ||
| 082 | 0 | 4 | |a 323.4 |
| 100 | 1 | |a Beltran, Jordi | |
| 245 | 1 | 0 | |a Guía de los derechos humanos / |c Jordi Beltrán, Antonio Roing |
| 260 | |a México : |b Longman, |c 1996 | ||
| 300 | |a 191 p. | ||
| 490 | 0 | |a Nueva Breda | |
| 505 | 0 | |a Una lectura previa de la Declaración -- Estudio sistemático de la Declaración Universal de los Derechos Humanos -- Cuestiones para debate -- Documentos | |
| 653 | |a Derechos humanos | ||
| 653 | |a Declaración de los derechos humanos | ||
| 653 | |a Derechos humanos-declaración | ||
| 700 | 1 | |a Roig, Antonio | |
| 859 | |a CEMS |b BIB. CEMS - 11 de abril |h 323.4 |i B419 |p 20674.99 |t Ej.1 | ||
